The U.S. Open : golf's ultimate challenge /

Bibliographic Details
Main Author: Sommers, Robert (Robert T.)
Format: Book
Language:English
Published: New York : Atheneum, 1987.
Edition:1st ed.
Subjects:

MARC

Tag First Indicator Second Indicator Subfields
LEADER 00000cam a2200000 a 4500
001 in00000024779
005 20151007054410.0
008 861114s1987 nyuacf b 00110deng
010 |a  85048137  
020 |a 0689115253 :  |c $26.95 
035 |a (OCoLC)14518773 
035 |9 AAB4937AM 
040 |a DLC  |c DLC  |d TXA  |d UtOrBLW 
043 |a n-us--- 
049 |a TXAM  |c [A11060361] 
050 0 0 |a GV970  |b .S65 1987 
082 0 |a 796.352/7  |2 19 
100 1 |a Sommers, Robert  |q (Robert T.) 
245 1 4 |a The U.S. Open :  |b golf's ultimate challenge /  |c Robert Sommers. 
250 |a 1st ed. 
264 1 |a New York :  |b Atheneum,  |c 1987. 
300 |a xii, 350 pages, 16 unnumbered pages of plates :  |b illustrations, portraits ;  |c 25 cm. 
336 |a text  |b txt  |2 rdacontent 
337 |a unmediated  |b n  |2 rdamedia 
338 |a volume  |b nc  |2 rdacarrier 
504 |a Bibliography: pages [331]-334. 
500 |a Includes index. 
611 2 0 |a U.S. Open (Golf tournament)  |x History. 
650 0 |a Golfers  |v Biography. 
740 0 |a US Open. 
999 |a MARS 
999 f f |s f2cfc1dd-25ff-366a-a732-73845e2fc064  |i 40854e26-ab89-3048-9874-d69056b77a2a  |t 0 
952 f f |p ric  |a Texas A&M University  |b Rellis Campus  |c Joint Library Facility  |d Remote Storage  |t 0  |e GV970 .S65 1987  |h Library of Congress classification  |i unmediated -- volume  |m A14811060361 
998 f f |a GV970 .S65 1987  |t 0  |l Remote Storage